All Civilizations To Have Had Land In Iran - Statistics

General Stats
  • This quiz has been taken 51 times
  • The average score is 17 of 104
Answer Stats
Founded /
Dissolved or Absorbed
Answer Native Name % Correct
1979 AD / 1979 AD Interim Government of Iran دولت موقت ايران
82%
1979 AD / Present Iran جمهوری اسلامی ایران
82%
ca. 2025 BC / 609 BC Assyria 𒀾𒋗𒊏𒅀
73%
ca. 700 BC / 168 BC Macedonia Μακεδονία
73%
550 BC / 330 BC Achaemenid Empire 𐎧𐏁𐏂
64%
1721 AD / 1917 AD Russian Empire Россійская Имперія
64%
1917 AD / 1918 AD Russian Republic Российская Республика
64%
1922 AD / 1991 AD Soviet Union Союз Советских Социалистических Республик
64%
1894 BC / 539 BC Babylonia 𒆳𒆍𒀭𒊏𒆠
59%
626 BC / 539 BC Neo-Babylonian Empire māt Šumeri u Akkadi
59%
1925 AD / 1979 AD Pahlavi Iran کشور شاهنشاهی ایران
57%
661 AD / 750 AD Umayyad Caliphate ٱلْخِلَافَة ٱلْأُمَوِيَّة
55%
750 AD / 1517 AD Abbasid Caliphate الْخِلَافَة الْعَبَّاسِيَّة
48%
1206 AD / 1368 AD Mongol Empire ᠶᠡᠬᠡ ᠮᠣᠩᠭᠣᠯ ᠤᠯᠤᠰ
48%
1526 AD / 1857 AD Mughal Empire मुग़ल साम्राज्य
45%
ca. 5500 BC / ca. 1800 BC Sumer 𒆠𒂗𒄀
45%
ca. 700 BC / ca. 650 BC Medes médʰyos (Reconstructed)
43%
247 BC / 224 AD Parthian Empire 𐭀𐭓𐭔𐭊
43%
312 BC / 63 BC Seleucid Empire Βασιλεία τῶν Σελευκιδῶν
43%
632 AD / 661 AD Rashidun Caliphate ٱلْخِلَافَةُ ٱلرَّاشِدَةُ
39%
1501 AD / 1736 AD Safavid Empire شاهنشاهی صفوی
39%
3200 BC / 539 BC Elam 𒁹𒄬𒆷𒁶𒋾
34%
1789 AD / 1925 AD Qajar Iran دولت عَلیّهٔ ایران
34%
224 AD/ 651 AD Sasanian Empire 𐭠𐭩𐭥𐭠𐭭𐭱𐭲𐭥𐭩
32%
1037 AD / 1194 AD Seljuk Empire امپراتوری سلجوقی
32%
1370 AD / 1507 AD Timurid Empire ایران و توران
32%
256 BC / ca. 120 BC Greco-Bactrian Kingdom Βασιλεία τῆς Βακτριανῆς
30%
1008 AD / 1490 AD Kingdom of Georgia საქართველოს სამეფო
25%
1256 AD / 1335 AD Ilkhanate ایلخانان
23%
ca. 2334 BC / ca. 2154 BC Akkadian Empire 𒆳𒌵𒆠
20%
1747 AD / 1823 AD Durrani Empire د درانیانو ټولواکمني
18%
322 BC / 184 BC Mauryan Empire 𑀫𑀸𑀕𑀥𑁂
18%
1736 AD / 1796 AD Afsharid Empire ایران افشاری
16%
938 AD / 1062 AD Buyid Dynasty آل بویه
16%
977 AD / 1186 AD Ghaznavid Empire غزنویان
14%
861 AD / 1002 AD Saffarid Dynasty صفاریان
14%
1709 AD / 1738 AD Hotak Dynasty د هوتکيانو ټولواکمني
11%
ca. 1077 AD / 1231 AD Khwarazmian Empire خوارزمشاهیان
11%
819 AD / 999 AD Samanid Empire سامانیان
11%
ca. 2112 BC / ca. 2004 BC Third Dynasty of Ur 𒋀𒀕𒆠
9%
1751 AD / 1794 AD Zand Dynasty دودمان زندیان
9%
1378 AD / 1503 AD Aq Qoyunlu آق‌ قویونلو
7%
786 AD / 1215 AD Ghurid Dynasty دودمان غوریان
7%
ca. 30 AD / ca. 375 AD Kushan Empire कुषाणसाम्राज्यम्
7%
1374 AD / 1468 AD Qara Qoyunlu قاراقویونلولار‎
7%
1141 AD / 1319 AD Atabegs of Yazd اتابکان یزد
5%
932 AD / 968 AD Banu Ilyas بنو الیاس
5%
1314 AD / 1393 AD Muzaffarids مظفریان
5%
889 AD / 929 AD Sajid Dynasty ساجیان
5%
ca. 4200 BC / ca. 3200 BC Susa 𒀸𒋗𒊺𒂗
5%
821 AD / 873 AD Tahirid Dynasty طاهریان
5%
931 AD / 1090 AD Ziyarid Dynasty زیاریان
5%
990 AD / ca. 1180 Annazid Dynasty عەنازی
2%
665 AD / 760 AD Baduspanids بادوسپانیان
2%
651 AD / 1006 AD 1073 AD / 1210 AD 1237 AD / 1349 AD Bavand Dynasty باوندیان
2%
1338 AD / 1357 AD Chobanids سلسله امرای چوپانی
2%
ca. 10000 BC / ca. 7550 BC Chogha Golan Unknown
2%
642 AD / 760 AD Dabuyid Dynasty دودمان گاوباریان
2%
1335 AD / 1357 AD Injuids آل اینجو
2%
1335 AD / 1432 AD Jalayirid Sultanate جلایریان
2%
791 AD / ca. 1000 AD Justanids جستانیان
2%
1244 AD / 1382 AD Kart Dynasty آل کرت
2%
ca. 1531 BC / ca. 1155 BC Kassite Empire *G/Kalž / Kaššu
2%
1666 AD / 1955 AD Khanate of Kalat کلاتءِ ھانات ، خانات کلات
2%
995 AD / 1017 AD Ma'munids مأمونیان
2%
1359 AD / 1596 AD Mar'ashis مرعشیون
2%
1148 AD / 1282 AD Salghurids سلغُریان
2%
919 AD / 1062 AD Sallarid Dynasty سالاریان
2%
951 AD / 1199 AD Shaddadids میرنشینی شەدادی
2%
ca. 900 BC / ca.500 BC Sogdia 𐼼𐼴𐼲𐽂 (Romanized: swɣt)
2%
1030 AD / 1424 AD Šwānkāra شبانکاره
2%
860 BC / 590 BC Urartu Biaini/Biainili
2%
1349 AD / 1504 AD Afrasiyab Dynasty چلاویان
0%
864 AD / 900 AD 914 AD / 928 AD Alid Dynasties علویان طبرستان
0%
ca. 7500 BC / ca. 6500 BC Ali Kosh Unknown
0%
ca. 4000 BC / ca. 700 BC Anshan 𒀭𒍝𒀭
0%
ca. 7200 BC / ca. 5900 BC Chogha Bonut Unknown
0%
ca. 6800 BC / ca. 4400 BC Chogha Mish Unknown
0%
ca.3400 BC / ca. 2000 BC Kura–Araxes culture Unknown
0%
ca. 651 AD / 760 AD Masmughans of Damavand مس مغان دماوند
0%
ca. 8000 BC / ca. 7000 BC Ganj Dareh Unknown
0%
ca. 2200 BC / ca. 2055 BC Gutium 𒄖𒌅𒌝𒆠
0%
ca. 6000 BC / ca. 4500 BC Hajji Firuz Tepe Unknown
0%
959 AD / 1015 AD Hasanwayhid Dynasty حەسنەوییەکان
0%
ca. 2500 BC / N/A Jiroft culture Unknown
0%
1008 AD / 1141 AD Kakuyid Emirate آل کاکویه
0%
ca. 9000 BC / ca. 7000 BC Karim Shahir Unknown
0%
ca 1370 AD / 1592 AD Kar-Kiya dynasty کيايي‌ئن
0%
1041 AD / 1189 AD Kerman Seljuk Sultanate سلجوقیان کرمان
0%
1210 AD / 1799 AD Khoy Khanate خانات خوی
0%
ca. 3100 BC / 675 BC Lullubi 𒇻𒇻𒉈𒆠
0%
ca. 800 BC / ca. 615 BC Mannaea Unknown
0%
1236 AD / 1537 AD Mihrabanid Dynasty ملوک مهربانی
0%
1090 AD / 1273 AD Nizari Ismaili State اسماعیلیان الموت
0%
ca. 550 AD / ca. 1106 AD Qarinvand Dynasty کارنوندیان
0%
1222 AD / 1306 AD Qutlugh-Khanids قراختاییان کرمان
0%
1337 AD / 1381 AD Sarbadars سربدار
0%
ca. 8250 BC / ca. 7550 BC Tepe Abdul Hosein Unknown
0%
ca. 8500 BC / ca. 8000 BC Tepe Asiab Unknown
0%
ca. 7000 BC / N/A Tepe Guran Unknown
0%
ca. 8000 BC / N/A Tepe Sabz Unknown
0%
ca. 8000 BC / N/A Tepe Sarab Unknown
0%
ca. 6000 BC / ca. 3000 BC (Was reoccupied ca. 2000 BC) Tepe Sialk Unknown
0%
ca. 530 AD / 785 AD Zarmihrids زرمهرشاهیان
0%
No matching quizzes found
Score Distribution
Percent of People with Each Score
Percentile by Number Answered
Your Score History
You have not taken this quiz